La Pobreza en Mx̌ico y China Polt̕ica de combate y resultados /

Detalles Bibliográficos
Autor principal: Gonzl̀ez Garca̕, Juan
Formato: eBook
Lenguaje:español
Publicado: Ciudad de Mx̌ico: Cm̀ara de Diputados, 2011
Materias:
Acceso en línea:Acceso restringido

MARC

LEADER 00000nam a22000007a 4500
005 20171212172841.0
007 cr|||| ||||
008 171212s2011 mx |||||s|||| 00||0 spa d
020 |a 978-607-401-393-1 
035 |a 20887 
040 |a vLex 
090 |c 7303  |d 7303 
100 1 |a Gonzl̀ez Garca̕, Juan 
245 1 3 |a La Pobreza en Mx̌ico y China  |h [Recurso electrn̤ico]:  |b Polt̕ica de combate y resultados /  |c Juan Gonzl̀ez Garca̕ 
256 |a Servicio en ln̕ea 
260 |a Ciudad de Mx̌ico:  |b Cm̀ara de Diputados,  |c 2011 
300 |a 1 recurso electrn̤ico (224p.) 
506 1 |a Disponible solo en los productos indicados  |d vLex Global  |d vLex Global (Academic Edition, excluding Law Schools)  |d vLex Global (U.S. Academic Edition, Law Schools)  |d vLex Global (U.S. Academic Edition, excluding Law Schools)  |d vLex Global (Academic Edition, Law Schools) 
650 0 4 |a Derecho Pb︢lico  |z Mx̌ico 
650 0 4 |a Derecho Administrativo  |z Mx̌ico 
650 0 4 |a Derecho Internacional  |z Mx̌ico 
650 0 4 |a Ciencias sociales  |z Mx̌ico 
740 0 |a vLex Libros (Servicio en ln̕ea) 
856 4 0 |u http://vlex.com/source/pobreza-mexico-china-politica-combate-resultados-20887  |z Acceso restringido 
942 |c BOOK 
999 0 |a Public law 
999 0 |a Administrative law 
999 0 |a International law